00646nam a2200157Ia 4500999001700000082001200017100002300029245010200052260003800154300001800192650006100210650006400271710002800335942001200363952011300375 c19427d19427 aTR.0137 aReddy, V.V. Ramana 0aRole of institutional finance in Indian agriculture : A study with reference to Chittoor district c1989bSri Venkateswara University a245p. + C D-5 aAGRICULTURAL CREDIT - ANDHRA PRADESH - CHITTOOR DISTRICT aFINANCIAL INSTITUTIONS - ANDHRA PRADESH - CHITTOOR DISTRICT aMurti, V. Satyanarayana cTH2ddc 00104070aNASSDOCbNASSDOCd2004-10-08i2004-10-22l0oTR.0137p30396r2019-04-18 00:00:00w2019-04-18yTH